000 00591nam a2200229Ia 4500
003 OSt
005 20221005130819.0
006 a|||||r|||| 00| 0
007 ta
008 221004b |||||||| |||| 00| 0 ben d
024 _a27953
037 _cTextual
040 _aCRL
_cCRL
_bben
041 _2ben
_aben
082 _aO157,3M61x, 168N5
100 _aShaod Shanti Narayan Tr.
_9638699
245 0 _aSang raze
260 _c1950
650 _aBENGALI LITERATURE
942 _hO157,3M61x, 168N5
_cTEXL
_2cc
999 _c1058487
_d1058487